000 01318cam a22003011 4500
001 10526
003 BD-RjUL
005 20211208234953.0
008 140125s1964 nyua b 101 0 eng
035 _a(BD-RjUL)10754
035 _a(OCoLC)562012
040 _aDLC
_cODaWU
_dOCoLC
_dUk
_dDLC
_dBD-RjUL
_beng
041 0 _aeng
_bfreger
082 _a624.152082
_bINS 1964
111 2 _aInternational Conference on State of Stress in the Earth's Crust
_d(1963 :
_cSanta Monica, Calif.)
_932543
245 1 0 _aState of stress in the earth's crust :
_bproceedings of the international conference, June 13 & 14, 1963, Santa Monica, California. /
_cEdited by William R. Judd.
260 _aNew York :
_bAmerican Elsevier Pub. Co.,
_cc1964.
300 _axiii, 732 p. :
_billus. ;
_c28 cm.
500 _aAbstracts in English, French, and German.
500 _aOrganized by the Committee on Rock Mechanics of the Division on Engineering Geology, Geological Society of America.
504 _aIncludes bibliographies references and index.
650 0 _aRock mechanics
_vCongresses.
_932540
700 1 _aJudd, William R.,
_eed.
_932541
710 2 _aGeological Society of America.
_bDivision on Engineering Geology.
_bCommittee on Rock Mechanics.
_932542
942 _2ddc
_cBK
999 _c10526
_d10526